Alan Rickman Movies Quiz Stats

 Plays Quiz Updated May 29, 2016

Score 0/42 Timer 08:00
3 Plays Today
Year Movie % Correct
2001Harry Potter and the Sorcerer's/Philosopher's Stone
85.8%
2002Harry Potter and the Chamber of Secrets
84.8%
2005Harry Potter and the Goblet of Fire
83.1%
2004Harry Potter and the Prisoner of Azkaban
83%
2009Harry Potter and the Half-Blood Prince
82.5%
2007Harry Potter and the Order of the Phoenix
79.6%
1988Die Hard
74.8%
1991Robin Hood: Prince of Thieves
71.7%
2003Love Actually
46.3%
2010Harry Potter and the Deathly Hallows: Part 1
33.2%
1999Dogma
32%
2007Sweeney Todd: The Demon Barber of Fleet Street
31.2%
2011Harry Potter and the Deathly Hallows: Part 2
29.7%
2016Alice Through the Looking Glass
28.5%
1995Sense and Sensibility
26.2%
1999Galaxy Quest
24.7%
2005The Hitchhiker's Guide to the Galaxy
22%
2010Alice in Wonderland
20.6%
2013Lee Daniels' The Butler
16.5%
1990Truly, Madly, Deeply
13.1%
2015Eye in the Sky
12.4%
Year Movie % Correct
2014A Little Chaos
11.6%
1996Michael Collins
11.5%
2013CBGB
10%
2008Bottle Shock
9.6%
2006Perfume: The Story of a Murderer
8.5%
1990Quigley Down Under
8%
2012Gambit
7.5%
2007Snow Cake
7.3%
2001Blow Dry
7.1%
2008Nobel Son
6.6%
1994Mesmer
6.6%
1989The January Man
6.2%
1995An Awfully Big Adventure
5.6%
2013A Promise
5.3%
1991Closet Land
5.2%
1998Dark Harbor
5.2%
1991Close My Eyes
4.9%
1992Bob Roberts
4.7%
1998Judas Kiss
4.7%
2001The Search for John Gissing
4.3%
2010The Wildest Dream
1.6%

You're not logged in!

Compare scores with friends on all Sporcle quizzes.
OR
Log In

Sporcle TV

Today on Sporcle TV


Watch our educational content, quiz creation guides, and fun videos on Sporcle TV.

Show Comments

Extras

Top Quizzes Today


Score Distribution

Your Account Isn't Verified!

In order to create a playlist on Sporcle, you need to verify the email address you used during registration. Go to your Sporcle Settings to finish the process.

Report this User

Report this user for behavior that violates our Community Guidelines.

Details: